000 02355nam a2200277 a 4500
001 000016115
003 DO-SdBNP
005 20220405130853.0
008 100226s2002 dr 000 0 spa d
020 _z
040 _aDO-SdBNP
_bspa
_cBPMSU
082 _a342.98
_bF224e 2002
_222
100 1 _aFarías Campos, Félix,
_d1959-
245 1 0 _aEstudio comparado de las constituciones políticas nacionales latinoamericanas /
_cFélix Farías Campos.
260 _aSanto Domingo :
_bUnicaribe,
_c2002.
300 _a815 p. ;
_c25 cm.
500 _aIncluye datos biográficos del autor en la contraportada.
504 _aBibliografía: p. 208-212
505 _aDe la persona, la sociedad, el Estado y la nación 23 -- De la nacionalidad y la extranjería 27 -- De la educación y la cultura nacional 63 -- Del régimen económico 105 -- De la estructura del Estado y de las garantías constitucionales 141 -- De la reforma de la constitución 157 -- De las diferencias entre las constituciones 177 -- Conclusiones 205 -- ANEXOS -- Constitución de la nación de Argentina 215 -- Constitución política del Estado de Bolivia 229 -- Constitución de la República Federativa del Brasil 250 -- Constitución política de Chile 307 -- Constitución política de Colombia 349 -- Constitución política de la República de Costa Rica 397 -- Constitución de la República de Cuba 417 -- Constitución de la República Dominicana 433 -- Constitución política de la República del Ecuador 447 -- Constitución política de la República de El Salvador 467 -- Constitución política de la República de Guatemala 491 -- Constitución de Haití 521 -- Constitución de la República de Honduras 545 -- Constitución política de México 574 -- Constitución política de la República de Nicaragua 623 -- Constitución de la República de Panamá 637 -- Constitución de la República de Paraguay 667 -- Constitución de la República del Perú 701 -- Constitución del Estado Libre Asociado de Puerto Rico 723 -- Constitución de la República Oriental del Uruguay 737 -- Constitución política de Venezuela 775
590 _aInventariado, 2022/VM
650 4 _aConstituciones
_zAmérica Latina
651 4 _aAmérica Latina
_xDerecho constitucional
710 _aUniversidad del Caribe (República Dominicana)
910 _aVMateo V.
942 _2ddc
_cBK
999 _c14142
_d14142